000
00343nam a2200133Ia 4500
008
100328s9999 xx 000 0 und d
082
_b
73083
100
_a
रानडे जयंत.
245
_a
खानदान
260
_b
अभिनंदन.
630
_a
खानदान
730
_a
खानदान
942
_c
BOOK
999
_c
558804
_d
558801